Собрание сочинений. [Кн. 3]: 1. Лирика любви и жизни. (Садовник) | 2. Читра (Запись № 5070656)

Подробности
000 -МАРКЕР
контрольное поле 01169nam2a22002771 4500
001 - ИДЕНТИФИКАТОР ЗАПИСИ
контрольное поле v19\rc\2073984
005 - ИДЕНТИФИКАТОР ВЕРСИИ
контрольное поле 20250620042638.0
035 ## - ДРУГИЕ СИСТЕМНЫЕ НОМЕРА
Идентификатор записи (NLR Aleph) 005171138
100 ## - ДАННЫЕ ОБЩЕЙ ОБРАБОТКИ
Данные общей обработки 20081218d1916 |||y0rusy50 ca
101 1# - ЯЗЫК РЕСУРСА
Язык текста, звукозаписи и т.д. русский
Язык оригинала бенгальский
-- бенгальский
102 ## - СТРАНА ПУБЛИКАЦИИ ИЛИ ПРОИЗВОДСТВА
Страна публикации Российская Федерация
105 ## - ПОЛЕ КОДИРОВАННЫХ ДАННЫХ: ТЕКСТОВЫЕ МАТЕРИАЛЫ, МОНОГРАФИЧЕСКИЕ
Кодированные данные о монографическом текстовом документе y z |||||
200 1# - ЗАГЛАВИЕ И СВЕДЕНИЯ ОБ ОТВЕТСТВЕННОСТИ
Основное заглавие 1. Лирика любви и жизни. (Садовник)
-- 2. Читра
Первые сведения об ответственности Пер. В. Спасской
210 ## - ПУБЛИКАЦИЯ, РАСПРОСТРАНЕНИЕ И ДР.
Дата издания, распространения и т.д. [1916]
Место издания, распространения и т.д. Б. м.
215 ## - ФИЗИЧЕСКАЯ ХАРАКТЕРИСТИКА
Специфическое обозначение материала и объем 191 с.
300 ## - ОБЩИЕ ПРИМЕЧАНИЯ
Текст примечания Общ. загл. отсутствует
461 #0 - УРОВЕНЬ НАБОРА
Встроенное поле 001v19\rc\2073981
-- 2001#$aСобрание сочинений$fРабиндранат Тагор$v[Кн. 3]
-- 700#1$aТагор$bР.$f1861-1941$gРабиндранат
Системный номер (АБИС) связанной записи 5070633
Автор Тагор, Р. (1861-1941)
Место публикации Москва
Дата публикации [1916]-[1917]
Издание 2-е изд. Кн. 1-
Первые сведения об ответственности Рабиндранат Тагор
Имя издателя, распространителя и т.д. Соврем. проблемы
Заглавие Собрание сочинений
Номер тома [Кн. 3]
517 0# - ДРУГИЕ ВАРИАНТЫ ЗАГЛАВИЯ
Вариант заглавия Лирика любви и жизни
517 0# - ДРУГИЕ ВАРИАНТЫ ЗАГЛАВИЯ
Вариант заглавия Садовник
517 0# - ДРУГИЕ ВАРИАНТЫ ЗАГЛАВИЯ
Вариант заглавия Читра
801 #0 - ИСТОЧНИК ЗАПИСИ
Страна Российская Федерация
Организация NLR
Правила каталогизации psbo
801 #1 - ИСТОЧНИК ЗАПИСИ
Страна Российская Федерация
Организация ProSoft-M
Источник данных rusmarc
852 ## - МЕСТОНАХОЖДЕНИЕ И ШИФР ХРАНЕНИЯ
Идентификатор организации NLR
Шифр хранения (Call Number) 37.66.2.80(3)
942 ## - ДОПОЛНИТЕЛЬНЫЕ ЭЛЕМЕНТЫ ЗАПИСИ (АБИС)
Тип экземпляра АБИС Книга
980 ## - КОЛЛЕКЦИЯ
Название коллекции Национальная библиография
Экземпляры
Тип экземпляра Дата поступления Библиотека постоянного хранения Библиотека текущего хранения Место хранения Шифр хранения Штрих-код Статус экземпляра
Книга 26.10.2013 РНБ (Садовая) РНБ (Садовая) Русский книжный фонд -Главное здание, Ленинский читальный зал 37.66.2.80(3) 5171138-10